000 00986nam a2200229 a 4500
001 22640
003 CO-ViMGA
008 141112s2004 ck r 000 u spa d
040 _aCO-ViMGA
_bspa
_cCO-ViMGA
082 0 4 _a321.252 V351s
100 1 _aVelasquez Fernandez, Mauricio
_932228
245 1 0 _aEl sistema pensional colombiano
260 _aMedellin :
_bSeñal Editorial,
_c2007
300 _a265
505 _aHistoria de la seguridad social 11 - 25 - - Crisis del modelo de seguridad social en el estado de bienestar 31 - 40 - - La relacion juridica en la seguridad social 47 - 52 - - El derecho penal como un derecho social fundamental 57 - 90
590 _aForma de adquisición : Compra - - Precio : 2008 - - Proveedor : Dismet - - Fecha de adquisición : 2008
650 1 4 _aSEGURIDA SOCIAL CHILE
_932229
650 1 4 _aSEGURIDAD SOCIAL - ARGENTINA
_932230
650 1 4 _aSEGURIDAD SOCIAL - COLOMBIA
_911127
650 1 4 _aSEGURIDAD SOCIAL BRAZIL
_932231
942 _2ddc
_cBK
999 _c30941
_d30941